Pozrime sa pravde do očí a konajme

Bibliographic Details
Main Authors: Tirpák, Ivan, 1943- (Author), Janták, Ivan (Author)
Format: Article
Language:Slovak
Subjects:

MARC

LEADER 00000nab a2200000 a 4500
001 vtls000421787
003 SK-MaSNL
005 20260304225709.0
008 180116c1991 xo 0 slo
015 |a SNBRB19rr/mm-uuuuu 
035 |a CL0421915 
040 |a SNKBUCL  |b slo  |c SNKBUCL  |e AACR2 
041 0 |a slo 
044 |a xo  |c SK 
080 |a 504.06(437.6):354  |2 1981 
080 |a 354  |2 1981 
080 |a 627.8  |2 1981 
100 1 |a Tirpák, Ivan,  |d 1943-  |4 aut  |9 135446 
245 1 0 |a Pozrime sa pravde do očí a konajme  |c Ivan Tirpák, Ivan Janták 
650 0 7 |a životné prostredie  |2 snkbucl  |9 786 
650 0 7 |a diela vodné  |2 snkbucl  |9 893772 
651 7 |a Gabčíkovo (Slovensko : vodné dielo)  |2 SNKPHgeo  |9 131675 
655 7 |a články z novín a časopisov  |2 snkbucl  |9 267496 
700 1 |a Janták, Ivan  |4 aut  |9 283154 
773 0 |t Slovenský denník  |g Roč. 2, č. 173 (26. 7. 1991), s. 4 
850 |a Slovenská národná knižnica v Martine  |a MTA001 
852 |a SNK  |b KIS3GCP 
958 |a RK 
992 |a RBX 
999 |c 3179213  |d 3181143